Thermodynamics, kinetic theory, and statistical thermodynamics (Record no. 67718)
[ view plain ]
| 000 -LEADER | |
|---|---|
| fixed length control field | 00464nam a22001817a 4500 |
| 003 - CONTROL NUMBER IDENTIFIER | |
| control field | NUST - PNEC |
| 005 - DATE AND TIME OF LATEST TRANSACTION | |
| control field | 20170116181030.0 |
| 008 - FIXED-LENGTH DATA ELEMENTS--GENERAL INFORMATION | |
| fixed length control field | 150919b xxu||||| |||| 00| 0 eng d |
| 020 ## - INTERNATIONAL STANDARD BOOK NUMBER | |
| International Standard Book Number | 020106894X |
| 040 ## - CATALOGING SOURCE | |
| Transcribing agency | LIBRARY |
| 082 ## - DEWEY DECIMAL CLASSIFICATION NUMBER | |
| Classification number | 536.7SEA |
| 100 ## - MAIN ENTRY--PERSONAL NAME | |
| 9 (RLIN) | 11053 |
| Personal name | Sears, |
| 245 ## - TITLE STATEMENT | |
| Title | Thermodynamics, kinetic theory, and statistical thermodynamics |
| Statement of responsibility, etc. | Sears, |
| 250 ## - EDITION STATEMENT | |
| Edition statement | 3rd th |
| 260 ## - PUBLICATION, DISTRIBUTION, ETC. | |
| Date of publication, distribution, etc. | c1975. |
| 650 ## - SUBJECT ADDED ENTRY--TOPICAL TERM | |
| 9 (RLIN) | 11056 |
| Topical term or geographic name entry element | Thermodynamics |
| General subdivision | ME |
| 942 ## - ADDED ENTRY ELEMENTS (KOHA) | |
| Source of classification or shelving scheme | |
| Koha item type | Book |
| Withdrawn status | Lost status | Source of classification or shelving scheme | Damaged status | Not for loan | Permanent Location | Current Location | Shelving location | Date acquired | Total Checkouts | Full call number | Barcode | Date last seen | Price effective from | Koha item type |
|---|---|---|---|---|---|---|---|---|---|---|---|---|---|---|
| Pakistan Navy Engineering College (PNEC) | Pakistan Navy Engineering College (PNEC) | 536.7SEA | PNECLIB-012116 | 09/19/2015 | Book | |||||||||
| Pakistan Navy Engineering College (PNEC) | Pakistan Navy Engineering College (PNEC) | 536.7SEA | PNECLIB-012115 | 09/19/2015 | Book | |||||||||
| Pakistan Navy Engineering College (PNEC) | Pakistan Navy Engineering College (PNEC) | 536.7SEA | PNECLIB-015208 | 09/19/2015 | Book | |||||||||
| Pakistan Navy Engineering College (PNEC) | Pakistan Navy Engineering College (PNEC) | 536.7SEA | PNECLIB-012114 | 09/19/2015 | Book |
